000 00846nam a2200277 a 4500
999 _c4479
_d4479
001 127964
003 GBCCL
005 20241126110519.0
008 780515s1977 ilu 000 0 eng d
010 _a 76047302
020 _a0842302387
020 _a9780842302388
035 _a(OCoLC)ocm03895071
035 _a(OCoLC)3895071
040 _aEXC
_cEXC
_dLBB
049 _aLBBK
050 4 _aBS2725.5
_b.S64
082 0 _a227.81007
_bSOU
090 _aBS2725.5
_b.S64 1977
100 1 _aSouter, John C.
_98348
245 1 4 _aThe Christian in today's society :
_bliving Bible studies in Thessalonians /
_cJohn C. Souter.
260 _aWheaton, Ill. :
_bTyndale House ;
_aEastbourne [Eng.] :
_bCoverdale House,
_c1977.
300 _a172 p. ;
_c22 cm.
630 0 0 _aBible.
_pN.T.
_pThessalonians
_xStudy and teaching.
_98349
942 _2ddc
_cBK
_02